| 000 | 01159nam a22003377a 4500 | ||
|---|---|---|---|
| 003 | CHAP | ||
| 005 | 20220329135323.0 | ||
| 008 | 971013s1979 r 00010 d | ||
| 010 | _a34370 | ||
| 011 | _a35342 | ||
| 035 | _a39458 | ||
| 040 | _cCHAP | ||
| 082 |
_a581.542 _bL9 |
||
| 100 | 0 | 0 |
_aLyons, James M. _969293 |
| 245 |
_aLow temperature stress in crop plants _b: the role of the membrana ; proceedings of an International seminar |
||
| 260 |
_aNew York : _bAcademic Press, _c1979 |
||
| 300 |
_a565 p. _b: gráfs. |
||
| 590 |
_aBATCH-UPD _b10 _c20130110 _lUCH01 _h0307 |
||
| 590 |
_aBATCH-UPD _b10 _c20130110 _lUCH01 _h2230 |
||
| 590 |
_aBATCH-UPD _b10 _c20130410 _lUCH01 _h1526 |
||
| 590 |
_aBATCH-UPD _b10 _c20130914 _lUCH01 _h1550 |
||
| 590 |
_aCONVERSION _b10 _c20130109 _lUCH01 _h1319 |
||
| 650 | 1 | 4 |
_aHeladas _xEfecto en plantas. _953402 |
| 650 | 1 | 4 |
_aMembranas (Biología) _974496 |
| 700 | 0 |
_aGrahan, Douglas. _950233 |
|
| 700 | 0 |
_aRaison, John K. _993765 |
|
| 901 | _aBK | ||
| 942 | _cLIBRO | ||
| 949 |
_a581.542 L9 _bBC _cLIBRO _d33724000538401 _eLIBRO _h55974 _i39458 _si |
||
| 949 |
_a581.542 L9 _bBC _cLIBRO _d33724000543658 _eLIBRO _fc.2 _h55975 _i39458 _si |
||
| 999 |
_c34370 _d34370 |
||